Υδρολογία

Αποθηκεύτηκε σε:
Λεπτομέρειες βιβλιογραφικής εγγραφής
Κύριος συγγραφέας: Κωτσόπουλος, Σπύρος Ι.
Μορφή: Βιβλίο
Γλώσσα:Greek
Δημοσίευση: Αθήνα : Ίων, 2006
Θέματα:
Ετικέτες: Προσθήκη ετικέτας
Δεν υπάρχουν, Καταχωρήστε ετικέτα πρώτοι!

MARC

LEADER 00000cam a2200000 i 4500
001 1/72744
008 080128s2006 gre d
020 |a 960-411-548-0 
035 |l 10094196 
040 |a GR-MY-UA  |b gre  |e aacr 
041 0 |a gre 
082 0 |a 551.48  |2 (22) 
100 1 |a Κωτσόπουλος, Σπύρος Ι. 
245 1 0 |a Υδρολογία /  |c Σπύρος Ι. Κωτσόπουλος 
260 |a Αθήνα :   |b Ίων,   |c 2006 
300 |a 220 σ.;  |b εικ., πίν., σχέδια;  |c 24 εκ. 
504 |a Περιέχει βιβλιγραφικές παραπομπές 
650 0 0 |a Hydrology. 
852 |a INST  |b LESVOS  |e 20080128  |h 551.48 ΚΩΤ  |p 005100040205  |q 005100040205  |t BK  |y 0 
852 |a INST  |b LESVOS  |e 20100531  |h 551.48 ΚΩΤ  |p 005100047442  |q 005100047442  |t BK  |y 0 
852 |a INST  |b LESVOS  |c EUDOXUS  |e 20160413  |h 551.48 ΚΩΤ  |p 005100057518  |q 005100057518  |t EDX  |y 0 
901 |a BIBL1-2008-1 
909 |a Λ  |b 142143 
909 |a Λ  |b 164413 
920 |a Εύδοξος  |b Επιστροφή  |y Λέσβος  |z 2016-04 
922 |a 1ΕΛΗ  |b 200711  |c ΕΠΕΑΕΚ2/ΤΠ  |d Σ. ΠΑΤΑΚΗΣ 
970 |a ΚΑΡΑ  |b ΓΙΑΣΕΜΗ  |z 2008/01/28